Catálogo
 En Linea

El P. L. D. / (Registro nro. 16409)

Detalles MARC
000 -CABECERA
campo de control de longitud fija 02162nam a2200289 a 4500
001 - NÚMERO DE CONTROL
campo de control 000016877
003 - IDENTIFICADOR DEL NÚMERO DE CONTROL
campo de control OSt
005 - FECHA Y HORA DE LA ÚLTIMA TRANSACCIÓN
campo de control 20260527074041.0
008 - DATOS DE LONGITUD FIJA--INFORMACIÓN GENERAL
campo de control de longitud fija 100312s1998 dr 000 0 spa d
040 ## - FUENTE DE LA CATALOGACIÓN
Centro catalogador/agencia de origen DO-SdBNP
Lengua de catalogación spa
Centro/agencia transcriptor BNPHU
082 ## - NÚMERO DE LA CLASIFICACIÓN DECIMAL DEWEY
Número de clasificación 324.27293
Número de documento/Ítem B742p, 1998
100 1# - ENTRADA PRINCIPAL--NOMBRE DE PERSONA
Nombre de persona Bosch, Juan,
Fechas asociadas al nombre 1909-2001
9 (RLIN) 76555
245 13 - MENCIÓN DE TÍTULO
Título El P. L. D. /
Mención de responsabilidad, etc. Juan Bosch.
250 ## - MENCIÓN DE EDICIÓN
Mención de edición 3a. ed.
260 ## - PUBLICACIÓN, DISTRIBUCIÓN, ETC.
Lugar de publicación, distribución, etc. Santo Domingo :
Nombre del editor, distribuidor, etc. Alfa y Omega,
Fecha de publicación, distribución, etc. 1998.
300 ## - DESCRIPCIÓN FÍSICA
Extensión 391 p. ;
Dimensiones 21 cm.
490 1# - MENCIÓN DE SERIE
Mención de serie Estudios sociales
505 1# - NOTA DE CONTENIDO CON FORMATO
Nota de contenido con formato Palabras de informacin para el lector -- sobre las causas de los ataques a Santo Domingo en los siglos XVI y XVII (I) -- Sobre las causas de los ataques a Santo Domingo en los siglos XVI y XVII (II) -- Santo Domingo en el siglo XVIII -- La revolucin haitiana -- La ocupacin francesa (1801-1809) -- La España Boba y la Independencia Efmera 1809-1822 -- La ocupacin haitiana (1822-1844) -- Perfil político de Pedro Santana (I) -- Perfil político de Pedro Santana (II) -- La acumulación originaria en la República Dominicana (I) -- La acumulación originaria en la República Dominicana (II) -- La acumulación originaria en la República Dominicana (III) -- La acumulación originaria en la República Dominicana (IV) -- Sobre las relaciones de producción -- Sobre la división de clases en la República Dominicana -- sobre la formación de la burguesía -- Acerca del Estado (I) -- Acerca del Estado (II) -- La deuda externa (I) -- La deuda externa (II) -- Los métodos de trabajo -- Base teórica de los métodos de trabajo -- Planes y métodos -- Organización y disciplina (I) -- Organización y disciplina (II) -- Organización y disciplina (III).
520 ## - SUMARIO, ETC.
Sumario, etc. El contenido de esta obra "se ha formado con los folletos escritos para los círculos de estudio del Partido de la Liberación Dominicana"
590 ## - NOTA LOCAL (RLIN)
Nota local Inventariado, 2019/MFF
650 #4 - PUNTO DE ACCESO ADICIONAL DE MATERIA--TÉRMINO DE MATERIA
Término de materia o nombre geográfico como elemento de entrada Partido de la Liberación Dominicana
9 (RLIN) 1909
650 #0 - PUNTO DE ACCESO ADICIONAL DE MATERIA--TÉRMINO DE MATERIA
Término de materia o nombre geográfico como elemento de entrada Partidos políticos
Subdivisión geográfica República Dominicana
9 (RLIN) 285
651 #0 - PUNTO DE ACCESO ADICIONAL DE MATERIA--NOMBRE GEOGRÁFICO
Nombre geográfico República Dominicana
Subdivisión general Política y gobierno
9 (RLIN) 45
830 #0 - PUNTO DE ACCESO ADICIONAL DE SERIE-TÍTULO UNIFORME
Título uniforme Estudios sociales
9 (RLIN) 7147
910 ## - DATOS DE OPCIÓN DEL USUARIO (OCLC)
Datos de opción del usuario Validado. Control de calidad MMOLINA
942 ## - ELEMENTOS DE PUNTO DE ACCESO ADICIONAL (KOHA)
Fuente del sistema de clasificación o colocación Dewey Decimal Classification
Tipo de ítem Koha Libro
Existencias
Estado de retiro Estado de pérdida Restricciones de uso No para préstamo Código de colección Localización permanente Ubicación/localización actual Ubicación en estantería Fecha de adquisición Número de inventario Total de préstamos Signatura topográfica completa Código de barras Fecha visto por última vez Número de copia Precio válido a partir de Tipo de ítem Koha
        Dominicana de Servicio General General Depósito 12.03.2010 LF1   324.27293 B742p, 1998 16877-30 25.06.2020 e. 3 25.06.2020 Libro y Folleto Colección Dominicana de Servicio
        Dominicana de Servicio General General Depósito 12.03.2010 LF1   324.27293 B742p, 1998 16877-40 25.06.2020 e. 4 25.06.2020 Libro y Folleto Colección Dominicana de Servicio
      Excluido de préstamo Patrimonio Dominicano Patrimonio Dominicano Patrimonio Dominicano Depósito 12.03.2010 LF1   324.27293 B742p, 1998 16877-10 25.06.2020   25.06.2020 Libro y Folleto Colección Patrimonio Dominicano
      Excluido de préstamo Patrimonio Dominicano Patrimonio Dominicano Patrimonio Dominicano Depósito 12.03.2010 LF1   324.27293 B742p, 1998 16877-20 25.06.2020 e.2 25.06.2020 Libro y Folleto Colección Patrimonio Dominicano

Con tecnología Koha